00783nam a2200205 a 4500001000200000003000900002005001700011008004100028040002300069082002500092245012300117250001100240260004900251300003600300490001800336600006100354651006300415700005600478700004300534 DO-SdBNP20250207122218.0150306s2013 dr 000 0 spa d aBPMSU bspacBPMSU a923.27293bD812e22200aJuan Pablo Duarte :bescritos /crecopilados por el Dr. Mariano Lebron Saviñon ; prólogo Pedro Troncoso Sánchez. a5a ed. aSanto Domingo :bInstituto Duartiano,c2013. a129 p. :bil., retrs. ;c21 cm.0 aDuartiana,v114aDuarte, Juan Pablo d1813-1876vColecciones de escritos  4aRepública Dominicana xHistoriavColecciones de escritos1 aLebrón Saviñón, Mariano,d1922-e compilador 1 aTroncoso Sánchez, Pedro,eprólogo